The seven steps to nirvana : strategic insights into ebusiness transformation

Bibliographic Details
Main Authors: Sawhney, Mohan (Author), Zabin, Jeff (Author)
Format: Book
Language:English
Published: New York : McGraw-Hill 2001
Subjects:

MARC

LEADER 00000cam a2200000 7i4500
001 0000010677
005 20230127.0
008 030530 nyu eng
020 |a 0071375228 
040 |a INS   |b eng   |c INS   |e rda 
090 0 0 |a HF5548.32   |b .S2714 2001 
100 1 |a Sawhney, Mohan ,   |e author 
245 1 4 |a The seven steps to nirvana :   |b strategic insights into ebusiness transformation   |c Mohan Sawhney, Jeff Zabin 
264 1 |a New York :   |b McGraw-Hill   |c 2001 
300 |a xxi, 323 pages :   |b illustrations ;   |c 24 cm. 
336 |a text  |2 rdacontent 
337 |a unmediated  |2 rdamedia 
338 |a volume  |2 rdacarrier 
500 |a Includes index 
650 0 |a Electronic commerce 
700 1 |a Zabin, Jeff ,   |e author 
999 |a 0000009929   |b BOOK   |c Open Shelf   |e Default branch